000 01144nam a2200265 a 4500
001 72932
003 BD-RjUL
005 20211209082327.0
008 170525s1964 ne a b 101 0 eng d
035 _a(BD-RjUL)73150
040 _aBD-RjUL
_beng
_cBD-RjUL
041 _aeng
082 _223
_a581.166
_bPOL 1964
245 1 0 _aPollen physiology and fertilization :
_ba symposium held at the University of Nijmegen, The Netherlands, August 1963 /
_cedited by H.F. Linskens
260 _aAmsterdam :
_bNorth-Holland,
_cc1964
300 _axii, 257 p. :
_bill. ;
_c23 cm
500 _a"Written version of papers delivered at the First International Symposium 'Pollen Physiology and Fertilization' ... The recorded discussions were subjected to some editorial abridgement."
504 _aIncludes bibliographies
650 0 _aFertilization of plants
_xCongresses
_9215722
650 0 _aPollen
_xCongresses
_9215723
700 1 _aLinskens, H. F.
_9215724
710 2 _aKatholieke Universiteit Nijmegen.
_9215725
711 _aInternational Symposium "Pollen Physiology and Fertilization"
_cNijmegen, Netherlands)
_d1963 :
_9215726
942 _2ddc
_cBK
999 _c72932
_d72932